000 00731nam a2200205 i 4500
001 145421
003 ES-MaACL
005 20250728105426.0
007 t|
008 070214s1907 fr r ||||1| fre d
100 1 _aSpencer, Herbert,
_d1820-1903
_9107684
245 1 0 _aUne autobiographie /
_cHerbert Spencer ; traduction et adaptation par Henry de Varigny ; avec la collaboration de J. de Mestrel-Combremont , G. de Varigny.
260 _aParis :
_bCh. Herissey,
_c1907.
300 _a550 p. ;
_c23 cm.
700 1 _aMestrel-Combremont, J. de.
_980708
700 1 _aVarigny, G. de.
_9113227
700 1 _aVarigny, Henry Crosnier de (
_d1855-1934?)
_9157468
852 _aES-MaACL
_jB-5579
999 _c145421
_d145421